00289nam a22001217a 4500003000400000008004100004020001800045100001600063245002500079250001100104260004400115300000800159OSt240223b |||||||| |||| 00| 0 eng d a9789387022850 aALLEN,James aBe Your Own Sunshine a1st Ed aNew DelhibfingerPrint Pubsishingc2020 a150